000
00299 a2200145 4500
001
179622
020
_a
040
_c
Magnum
100
_a
Machado, Maria Clara
240
1
0
_a
O cavalinho azul
_l
por
245
1
0
_a
O cavalinho azul
362
0
_a
1899
697
_a
MAGNITO: IJ/GERAL
942
_c
BK
999
_c
179622
_d
179622